Machine tool engineer (Record no. 22768)

MARC details
000 -LEADER
fixed length control field 00262nam a22000977a 4500
008 - FIXED-LENGTH DATA ELEMENTS--GENERAL INFORMATION
fixed length control field 230424b |||||||| |||| 00| 0 eng d
040 ## - CATALOGING SOURCE
Original cataloging agency National Science Library
Transcribing agency National Science Library
245 ## - TITLE STATEMENT
Title Machine tool engineer
260 ## - PUBLICATION, DISTRIBUTION, ETC.
Place of publication, distribution, etc. India:
Date of publication, distribution, etc. 1966
942 ## - ADDED ENTRY ELEMENTS (KOHA)
Koha item type Continuing Resources
Holdings
Withdrawn status Lost status Materials specified (bound volume or other part) Damaged status Not for loan Home library Current library Shelving location Date acquired Total Checkouts Barcode Date last seen Price effective from Koha item type
    Vol. 7, 1966     National Science Library National Science Library FF/Rk-17/C-9/R-1 06/07/1971   38106 24/04/2023 06/07/1971 Continuing Resources
    Vol. 6, 1965     National Science Library National Science Library FF/Rk-17/C-9/R-1 16/03/1968   23536 24/04/2023 16/03/1968 Continuing Resources
    Vol. 5, 1964     National Science Library National Science Library FF/Rk-17/C-9/R-1 04/03/1972   41569 24/04/2023 04/03/1972 Continuing Resources
    Vol. 9-10, 1968-69     National Science Library National Science Library FF/Rk-17/C-9/R-1 15/04/1974   50916 24/04/2023 15/04/1974 Continuing Resources
    Vol. 8, 1967     National Science Library National Science Library FF/Rk-17/C-9/R-1 07/12/1970   36528 24/04/2023 07/12/1970 Continuing Resources